Szczegóły MARC21

Pałac Ostrowskich w Tomaszowie Mazowieckim : zarys dziejów /

003 -Nazwa inst., której nr kontr. jest w polu 001 [,]
    • @
    • Nazwa instytucji, której n kontrolny jest w polu 001
    • NUKAT
005 -DATA I CZAS OSTATNIEJ MODYFIKACJI [,]
    • @
    • pole kontrolne
    • 20241231103937.0
020 -Międzynarod. znormalizowany nr książki - ISBN [ , ]
    • a
    • Numer ISBN
    • 8390237687 Find
040 -Instytucja sporządzająca opis [ , ]
    • a
    • Instytucja, która sporządziła opis (NP)
    • Ł U/un
    • c
    • Instytucja, która sporządziła rekord (NP)
    • Ł U/un
    • d
    • Instytucja, która zmodyfikowała rekord (P)
    • Ł U/GS
    • d
    • Instytucja, która zmodyfikowała rekord (P)
    • Ł U/MDs
942 -Rodzaj dokumentu [ , ]
    • c
    • Rodzaj dokumentu
    • Książka
100 -Hasło główne - nazwa osobowa [1, ]
    • a
    • Nazwa osobowa (NP)
    • Kędzierski, Andrzej
    • d
    • Daty biograficzne (NP)
    • (1925- ).
    • 9
    • KHW
    • 241845
245 -Strefa tytułu i oznaczenia odpowiedzialności [1,0]
    • a
    • Tytuł
    • Pałac Ostrowskich w Tomaszowie Mazowieckim : Find
    • b
    • Ciąg dalszy tytułu (NP)
    • zarys dziejów / Find
    • c
    • Pozostałe elementy strefy tytułu i oznaczenia odpowiedzialności (NP)
    • Andrzej Kędzierski.
260 -Strefa adresu wydawniczego [ , ]
    • a
    • Miejsce wydania (P)
    • Tomaszów Mazowiecki :
    • b
    • Nazwa wydawcy (P)
    • Muzeum,
    • c
    • Data wydania (P)
    • 2002.
300 -Strefa opisu fizycznego [ , ]
    • a
    • Określenie formy książki i/lub objętość (NP)
    • 34 s. :
    • b
    • Oznaczenie ilustracji (NP)
    • fot. ;
    • c
    • Format (NP)
    • 21 cm.
336 -Typ zawartości [ , ]
    • a
    • Termin opisujący typ zawartości
    • Tekst
    • b
    • Kod określający zawartość
    • txt
    • 2
    • Źródło (terminu i kodu)
    • rdacontent
337 -Typ mediów [ , ]
    • a
    • Tryb odtwarzania
    • Bez urządzenia pośredniczącego
    • b
    • Kod typu mediów
    • n
    • 2
    • Źródło (terminu i kodu)
    • rdamedia
338 -Typ/rodzaj nośnika [ , ]
    • a
    • Hasło opisujące typ nośnika
    • Wolumin
    • b
    • Kod typu nośnika
    • nc
    • 2
    • Źródło (terminu i kodu)
    • rdacarrier
380 -Deskryptor - Forma dzieła (P) [ , ]
    • a
    • forma dzieła (NP)
    • Książki
490 -Strefa serii i książki wielotomowej - forma nie do wyszukiwania [1, ]
    • a
    • Tytuł (P)
    • Biblioteka Muzeum w Tomaszowie Maz. ; Find
    • v
    • Numeracja (P)
    • 5
830 -Hasło dodatkowe serii i opisu książki wielotomowej - tytuł ujednolicony/tytuł [ ,0]
    • a
    • Tytuł ujednolicony/tytuł (NP)
    • Biblioteka Muzeum w Tomaszowie Maz.
    • v
    • Oznaczenie tomu (NP)
    • 5
    • 9
    • KHW
    • 738826
504 -Uwaga dot. bibliogr. załącznikowej [ , ]
    • a
    • Uwaga dot. bibliografii załącznikowej
    • Bibliogr. s. 23-24.
080 -Uniwersalna Klasyfikacja Dziesiętna [ , ]
    • a
    • Symbol klasyfikacji
    • 728.81/.82(438)(091)
600 -Hasło przedmiotowe w formie nazwy osobowej [3,7]
    • a
    • Nazwa osobowa
    • Ostrowscy
    • c
    • Dopowiedzenie
    • (rodzina)
    • 2
    • Źródło terminu
    • DBN
    • 9
    • KHW
    • 738888
650 -Hasło przedmiotowe [ ,7]
    • a
    • Hasło przedmiotowe
    • Pałac Ostrowskich (Tomaszów Mazowiecki)
    • 2
    • Źródło terminu
    • DBN
    • 9
    • KHW
    • 738905
650 -Hasło przedmiotowe [ ,7]
    • a
    • Hasło przedmiotowe
    • Zamki i pałace
    • 2
    • Źródło terminu
    • DBN
    • 9
    • KHW
    • 731583
650 -Hasło przedmiotowe [ ,7]
    • a
    • Hasło przedmiotowe
    • Pałac Ostrowskich (Tomaszów Mazowiecki, Polska)
    • x
    • Określnik rzeczowy
    • historia.
    • 2
    • Źródło terminu
    • kaba
    • 9
    • KHW
    • 738869
651 -Hasło przedmiotowe w formie nazwy geograficznej [ ,7]
    • a
    • Nazwa geograficzna
    • Polska
    • 2
    • Źródło terminu
    • DBN
    • 9
    • KHW
    • 721438
651 -Hasło przedmiotowe w formie nazwy geograficznej [ ,7]
    • a
    • Nazwa geograficzna
    • Tomaszów Mazowiecki (woj. łódzkie)
    • 2
    • Źródło terminu
    • DBN
    • 9
    • KHW
    • 738887
658 -Ujęcie treści [ , ]
    • a
    • dziedzina nauki i sztuki/ sfera aktywności życiowej
    • Architektura i budownictwo
980 -Symbol UKD [ , ]
    • a
    • UKD
    • 728.81/.82(438)(091)
920 -ISBN [ , ]
    • a
    • ISBN
    • 83-902376-8-7 Find
Lokalizacja Data inwentaryzacji Status udost. Numer inwentarzowy
BG2002-12-021JK.327